000 00672nam a2200193Ii 4500
003 JO-AjNU
008 230605s9999||||xx |||||||||||||| ||und||
017 _a2003/1/166
040 _aJO-AjNU
_bara
_erda
_cJO-AjNU
041 _aara
050 1 4 _aHF5549.A42 2003
100 3 _aاعداد وتأليف: العلمي،مهدي فكري,
_eauthor
_98340
245 0 0 _aالتحضير لخوض معترك الحياة العملية
264 3 1 _aعمان: المؤلف؛2003
336 _atext
_btxt
_2rdacontent
337 _aunmediated
_bn
_2rdamedia
338 _avolume
_bnc
_2rdacarrier
650 4 _aادارة الموارد البشرية-ادارة الافراد
_98341
999 _aA738
_c4306
_d4306